000 00579nam a22002057a 4500
003 OSt
005 20220107122824.0
008 170410b xxu||||| |||| 00| 0 eng d
020 _a9780262527125
040 _cIIITMK
082 _a004 DEN/G
100 _aDenning, Peter J.
_911547
245 _aGreat principles of computing
_cPeter J. Denning and Craig H. Martell
260 _aCambridge,
_bThe MIT Press,
_c2015.
300 _axviii, 302p.
650 _aCOMPUTER SCIENCE
_911548
650 _aCOMPUTING
_911549
700 _aMartell, Craig H.
_911550
942 _2ddc
_cBK
999 _c5571
_d5571